Bangladesh : Selected Issues and Statistical Appendix.

This Selected Issues paper and Statistical Appendix examines Bangladesh's nonfinancial state-owned enterprises. The paper argues that, given the overall policy environment and external vulnerabilities, the usefulness of the fixed exchange rate system in Bangladesh has run its course. Greater ex...

Descrizione completa

Dettagli Bibliografici
Ente Autore: International Monetary Fund
Natura: Periodico
Lingua:English
Pubblicazione: Washington, D.C. : International Monetary Fund, 2002.
Serie:IMF Staff Country Reports; Country Report ; No. 2002/114
Accesso online:Full text available on IMF
LEADER 01715cas a2200241 a 4500
001 AALejournalIMF002004
008 230101c9999 xx r poo 0 0eng d
020 |c 5.00 USD 
020 |z 9781451804096 
022 |a 1934-7685 
040 |a BD-DhAAL  |c BD-DhAAL 
110 2 |a International Monetary Fund. 
245 1 0 |a Bangladesh :   |b Selected Issues and Statistical Appendix. 
264 1 |a Washington, D.C. :  |b International Monetary Fund,  |c 2002. 
300 |a 1 online resource (104 pages) 
490 1 |a IMF Staff Country Reports 
500 |a <strong>Off-Campus Access:</strong> No User ID or Password Required 
500 |a <strong>On-Campus Access:</strong> No User ID or Password Required 
506 |a Electronic access restricted to authorized BRAC University faculty, staff and students 
520 3 |a This Selected Issues paper and Statistical Appendix examines Bangladesh's nonfinancial state-owned enterprises. The paper argues that, given the overall policy environment and external vulnerabilities, the usefulness of the fixed exchange rate system in Bangladesh has run its course. Greater exchange rate flexibility is needed to ensure that the exchange rate sends appropriate market signals, and to enhance the authorities' ability to address more effectively and timely both domestic imbalances and external real shocks arising from a rapidly changing global environment. The paper also outlines the structure and recent performance of the commercial banking sector. 
538 |a Mode of access: Internet 
830 0 |a IMF Staff Country Reports; Country Report ;  |v No. 2002/114 
856 4 0 |z Full text available on IMF  |u http://elibrary.imf.org/view/journals/002/2002/114/002.2002.issue-114-en.xml  |z IMF e-Library